Normal view
MARC view
- برايبرول،دافيد؛نرجمة:صلاح الدين الشريف
Entry Personal Name
001 - CONTROL NUMBER
- control field: 34371
003 - CONTROL NUMBER IDENTIFIER
- control field: JO-AjAnu
005 - DATE AND TIME OF LATEST TRANSACTION
- control field: 20230606075746.0
008 - FIXED-LENGTH DATA ELEMENTS
- fixed length control field: 230606|| aca||aabn | a|a d
040 ## - CATALOGING SOURCE
- Original cataloging agency: JO-AjAnu
- Transcribing agency: JO-AjAnu
100 ## - HEADING--PERSONAL NAME
- Personal name: برايبرول،دافيد؛نرجمة:صلاح الدين الشريف
670 ## - SOURCE DATA FOUND
- Source citation: Work cat.: (JO-AjAnu)17655: برايبرول،دافيد؛نرجمة:صلاح الدين الشريف, author, القيم الاخلاقية في عالم المال والاعمال=Ethics in the world of business